00950nam a2200229 a 450000100100000000500170001000800410002702000150006804000250008310000340010824500620014226000570020430000210026149000240028250400310030683000300033704900090036795201110037695201110048795201050059899900170070300002535620200930023729.0110215s2006 dr ac 000 0 spa d a1932271805 aDO-SdBNPbspacBNPHU1 aLópez Rojas, Luis A.95192910aHistoriar la muerte (1508-1920) /cLuis A. López Rojas. aSan Juan, Puerto Rico :bEditores Isla Negra,c2006. a109 P. ;c22 cm.1 aVisiones y cegueras aBibliografía: p. 107-109 0aVisiones y cegueras91120 aBNPD 0010718DSaGRbGRcCTd2011-02-15iLF1l0o p25356-30r2020-06-25te. 3w2020-06-25yLFDSZNo se presta 0010718PDaPDbPDcCTd2011-02-15iLF1l0o p25356-10r2020-06-25te. 2w2020-06-25yLFPDZNo se presta 0010718PDaPDbPDcCTd2011-02-15iLF1l0o p25356-20r2020-06-25w2020-06-25yLFPDZNo se presta c24848d24848